000 00777nam a2200253 i 4500
001 8388
003 ES-MaACL
005 20250721062552.0
007 t|
008 920615s1990 sp |||| | spa d
020 _a84-206-2652-2
080 _a33(04)
100 1 _aMcCloskey, Donald N.
_979529
245 1 3 _aLa retórica de la economía /
_cDonald N. McCloskey ; versión española de Ángeles Conde.
260 _aMadrid :
_bAlianza,
_c[1990]
300 _a252 p ;
_c20 cm.
490 1 _aAlianza universidad. Economía ;
_v625
504 _aBibliografía: p. 231-244.
650 1 7 _aEconomía
_2embne
_912006
700 1 _aConde, Angeles.
_940086
830 0 _aAlianza universidad. Economía ;
_v625
_9178132
852 _aES-MaACL
_jL-15769
999 _c8388
_d8388